Datum a čas kvízu
24.5
Celkem bodů
Celkový počet nahraných bodů na tomto kvízu bez doplňovacích otázek.
9.
Pořadí na kvízu
Konečné umístění týmu na tomto kvízu.
Zaznamenané odpovědi
| # | Otázka | Odpověď | Body | Výsledky |
|---|---|---|---|---|
| 1. | Bývalý europoslanec a zakladat... | 1 | ||
| 2. | V centru Paříže se v sobotu se... | 0 | ||
| 3. | Největší úspěch na předávání E... | 0 | ||
| 4. | Jeden tuzemský pivovar oznámil... | 1 | ||
| 5. | Legendární norský běžec na lyž... | 1 | ||
| 6. | Z filmu S tebou mě baví svět:... | 0 | ||
| 7. | "Soudruhu doktore, já jsem red... | 1 | ||
| 8. | "Jeho nejtemnější temnosti, kr... | 1 | ||
| 9. | "Tato kašna a vlasy paní sládk... | 0 | ||
| 10. | „Hele, Hanko, já ti musim něco... | 1 |